000 004750000a22001690004500
041 0 _aSPA
082 0 4 _aG 270.6 F5331h
100 1 _aFisher, Jorge P.
245 1 0 _aHistoria de la reformación / Jorge P. Fisher; Hubert W. Brown, Traductor
260 _aNew York, USA : Sociedad Americana de Tratados
300 _a488 Pag
001 9561
942 _cBK
999 _c39517
_d39517
336 _atexto
_btxt
_2rdacontent
337 _2rdamedia
_asin mediación
_bn
338 _2rdacarrier
_avolumen
_bnc